000 01096nam a2200301 4500
001 0000020756
003 CO-CtgCURN
005 20250429224008.0
007 ta
008 160627s1997 000 0 eng d
020 _a8488986610
040 _aCO-CtgCURN
_bspa
_ccoctgcurn
082 0 _a371.9
_bM54j
110 2 _aEspaña. Ministerio de Trabajo y Asunto Sociales.
245 1 1 _a·Jugamos? manual de adaptacion de juguetes para niños con discapacidad /
_cMinisterio de Trabajo y Asuntos Sociales.
260 _aMadrid :
_bMinisterio de Trabajo y Asuntos Sociales,
_c1997.
300 _a131 p.
336 _2rdacontent
337 _2rdamedia
_asin mediacion
_bn
338 _2rdacarrier
_avolumen
_bnc
505 8 _aSoldadura.--Pulsadores.--Caja de conexiones.--Soportes.--Adaptaciones de juguetes
650 1 4 _aDidactica.
700 1 _aMinisterio de Trabajo y Asunto Sociales.
908 _a160627
942 _cBK
_h371.9
_iM54j
_2ddc
999 _c34676
_d34676